<?xml version="1.0" encoding="UTF-8"?>
<collection xmlns:xsi="http://www.w3.org/2001/XMLSchema-instance" xsi:schemaLocation="http://www.loc.gov/MARC21/slim http://www.loc.gov/standards/marcxml/schema/MARC21slim.xsd" xmlns="http://www.loc.gov/MARC21/slim">
 <record>
  <leader>00000cab a22000003a 4500</leader>
  <controlfield tag="001">UP-99796217609211932</controlfield>
  <controlfield tag="003">Buklod</controlfield>
  <controlfield tag="005">20231007234032.0</controlfield>
  <controlfield tag="006">m    |o  d |      </controlfield>
  <controlfield tag="007">ta</controlfield>
  <controlfield tag="008">100319s        xx     d | ||r |||||   ||</controlfield>
  <datafield tag="040" ind1=" " ind2=" ">
   <subfield code="a">DENGII</subfield>
  </datafield>
  <datafield tag="041" ind1=" " ind2=" ">
   <subfield code="a">eng</subfield>
  </datafield>
  <datafield tag="100" ind1="0" ind2=" ">
   <subfield code="a">Muller, H.-P.</subfield>
  </datafield>
  <datafield tag="245" ind1="0" ind2="0">
   <subfield code="a">New methods in fMRI analysis.</subfield>
  </datafield>
  <datafield tag="300" ind1=" " ind2=" ">
   <subfield code="a">pp. 134-142</subfield>
  </datafield>
  <datafield tag="520" ind1=" " ind2=" ">
   <subfield code="a">Hierarchical cluster analysis improves signal-to-noise ratio compared to standard techniques. In this work we present a new approach for improving the SNR in fMRI. The special implementation of the voxel-based motion-correction algorithms allows for very fast and precise correction of head movements in the frame of the selected model. The hierarchical cluster analysis has proven to be a useful tool for the increase of the SNR of the functional results. As these tools and established deterministic and statistical functional analysis tools are implemented in one software platform (FAMIS), direct comparison between the results becomes feasible. As each analysis result can be obtained within seconds and the user can switch between the display for the different results, direct comparison between the methods can be performed. Deterministic analysis leads to an activation concept that is independent from the noise level, and vice versa the statistical analysis leads to an activation concept where the activation is intended as deviation from noise and in such way the activation becomes related to the noise level. The deterministic methods exclude true positive results with increasing noise, and the statistical methods include false positive results with increasing noise. Nevertheless, the decision regarding which of the methods should be the method of choice for fMRI analysis is not the subject of this work.</subfield>
  </datafield>
  <datafield tag="653" ind1=" " ind2=" ">
   <subfield code="a">Activation concept.</subfield>
  </datafield>
  <datafield tag="653" ind1=" " ind2=" ">
   <subfield code="a">Deterministic analysis.</subfield>
  </datafield>
  <datafield tag="653" ind1=" " ind2=" ">
   <subfield code="a">fMRI analysis.</subfield>
  </datafield>
  <datafield tag="653" ind1=" " ind2=" ">
   <subfield code="a">Functional magnetic resonance imaging.</subfield>
  </datafield>
  <datafield tag="653" ind1=" " ind2=" ">
   <subfield code="a">Head movements correction.</subfield>
  </datafield>
  <datafield tag="653" ind1=" " ind2=" ">
   <subfield code="a">Hierarchical cluster analysis.</subfield>
  </datafield>
  <datafield tag="653" ind1=" " ind2=" ">
   <subfield code="a">Improved signal-to-noise ratio.</subfield>
  </datafield>
  <datafield tag="653" ind1=" " ind2=" ">
   <subfield code="a">Medical diagnostic imaging.</subfield>
  </datafield>
  <datafield tag="653" ind1=" " ind2=" ">
   <subfield code="a">Noise level.</subfield>
  </datafield>
  <datafield tag="653" ind1=" " ind2=" ">
   <subfield code="a">True positive results.</subfield>
  </datafield>
  <datafield tag="653" ind1=" " ind2=" ">
   <subfield code="a">Voxel-based motion-correction algorithms.</subfield>
  </datafield>
  <datafield tag="773" ind1="0" ind2=" ">
   <subfield code="t">IEEE Engineering in medicine and biology magazine</subfield>
   <subfield code="g">21, 5 (2002).</subfield>
  </datafield>
  <datafield tag="905" ind1=" " ind2=" ">
   <subfield code="a">FO</subfield>
  </datafield>
  <datafield tag="852" ind1=" " ind2=" ">
   <subfield code="a">UPD</subfield>
   <subfield code="b">DENG-II</subfield>
  </datafield>
  <datafield tag="942" ind1=" " ind2=" ">
   <subfield code="a">Article</subfield>
  </datafield>
 </record>
</collection>
